Journal of marriage and the family

Detalles Bibliográficos
Título anterior:Marriage and family living (Menasha, Wis. : Online)
Autor Corporativo: National Council on Family Relations
Formato: Electrónico Revista
Lenguaje:inglés
Publicado: Menasha, Wis. : National Council on Family Relations, 1964-
Materias:
Acceso en línea:Full text available from Research Library: 02/01/1988 to 1 year ago

MARC

LEADER 00000nas a2200000 a 4500
001 ssj0000290
003 WaSeSS
005 20200512172242.0
006 m d
007 cr n
008 020612c19649999mauqx pss o 0 0eng c
010 |a  2002227020 
015 |a GBB352885  |2 bnb 
016 7 |a 2066605-6  |2 DE-600 
022 |a 1741-3737  |l 0022-2445  |y 0022-2445 
035 |a (WaSeSS)ssj0000290 
040 |a EYM  |b eng  |c EYM  |d OCLCQ  |d OCL  |d OCLCQ  |d SBH  |d NSD  |d OCLCA  |d OCLCQ  |d OCLCF  |d NLGGC  |d OCLCQ  |d OCLCO  |d OCLCQ  |d DEBBG  |d PIFAG  |d OCLCQ  |d NLE  |d ELW  |d OCLCO  |d BUF  |d LCO  |d OCLCO  |d OCLCQ  |d IBK  |d OCLCO  |d GILDS  |d OCLCO  |d U3W  |d MST  |d WYU  |d OCLCO  |d AUD  |d OCLCA  |d C6I  |d VT2  |d OCLCQ  |d OCLCO  |d NJT  |d OCLCA  |d WaSeSS 
042 |a pcc 
050 1 4 |a HQ1 
060 0 0 |a W1  |b JO748N 
082 0 4 |a 392 
130 0 |a Journal of marriage and the family (Online) 
245 1 0 |a Journal of marriage and the family  |h [electronic resource]. 
246 1 |i Issues for Feb. 2001- have title:  |a Journal of marriage and family 
246 1 |i Also known as:  |a JMF 
246 1 3 |a Journal of marriage & the family  |f Feb. 1988- 
260 |a Menasha, Wis. :  |b National Council on Family Relations,  |c 1964- 
310 |a Five times a year,  |b 2004- 
321 |a Quarterly,  |b -2003 
362 0 |a Vol. 26, no. 1 (Feb. 1964)- 
500 |a Title from title screen (viewed June 12, 2002). 
500 |a Published: Minneapolis, MN, 1970-200? ; [Malden, Mass.] : Blackwell Publishing, 200?- 
506 |a License restrictions may limit access. 
538 |a Mode of access: World Wide Web. 
588 |a Latest issue consulted: Vol. 68, issue 3 (Aug. 2006) (Blackwell-Synergy, viewed Oct. 2, 2006). 
650 0 |a Families  |v Periodicals. 
650 0 |a Marriage  |v Periodicals. 
650 0 |a Social problems  |v Periodicals. 
650 7 |a Families.  |2 fast  |0 (OCoLC)fst01728849 
650 7 |a Marriage.  |2 fast  |0 (OCoLC)fst01010443 
650 7 |a Social problems.  |2 fast  |0 (OCoLC)fst01122778 
650 2 |a Family. 
650 2 |a Marriage. 
655 0 |a Electronic journals. 
710 2 |a National Council on Family Relations. 
776 1 |t Journal of marriage and the family  |x 0022-2445  |w (DLC) 42051034  |w (OCoLC)1641520 
780 0 0 |t Marriage and family living (Menasha, Wis. : Online)  |w (DLC) 2002227019  |w (OCoLC)49976451 
856 4 0 |z Full text available from Research Library: 02/01/1988 to 1 year ago  |u https://search.proquest.com/publication/25922